| 000 | 00420nam a22001577a 4500 | ||
|---|---|---|---|
| 020 | _a9788119443307 | ||
| 082 |
_a305.568 8 _bMUH/K |
||
| 100 | _aMuhammed Maheen A | ||
| 245 |
_aKeralathile dalit munnetangalude charithram/ _cby Muhammed Maheen A |
||
| 260 |
_aKozhikode: _bPusthakalokam, _c2023. |
||
| 300 | _a188p. | ||
| 650 | _aDalits Kerala | ||
| 650 | _aDalits History | ||
| 650 | _aSocial Science | ||
| 942 | _cBK | ||
| 999 |
_c181814 _d181814 |
||